| 000 | 00409nam a22001457a 4500 | ||
|---|---|---|---|
| 008 | 250917b |||||||| |||| 00| 0 eng d | ||
| 020 | _a9780143026488 | ||
| 050 |
_aHG151 _b.P46 |
||
| 100 | _aKariithi Nixon | ||
| 245 | _aThe penguin dictionary of financial terms | ||
| 260 |
_aJohannesburg _b penguin books _c2010 |
||
| 300 | _aiv, 185p. | ||
| 650 |
_aFinance- Dictionaries _vFinance- Technology |
||
| 942 | _cBK | ||
| 999 |
_c4497 _d4497 |
||